Statistics for Countries With Most Airports

Click here to take the quiz!

General Stats

  • This quiz has been taken 60 times
  • The average score is 8 of 10

Answer Stats

AirportsCountry% Correct
13,513United States
100%
1,467Canada
98%
4,093Brazil
96%
1,714Mexico
91%
1,218Russia
87%
1,138Argentina
83%
836Colombia
74%
673Indonesia
67%
855Bolivia
43%
799Paraguay
31%

Score Distribution

Percentile by Number Answered

Percent of People with Each Score

Your Score History

You have not taken this quiz